Jueces y tribunales en Inglaterra, Francia y Alemania / (Record no. 59511)

MARC details
000 -LEADER
campo de control de longitud fija 00539nam a2200169 i 4500
001 - NÚMERO DE CONTROL
campo de control 59511
003 - IDENTIFICADOR DE NÚMERO DE CONTROL
campo de control ES-MaACL
005 - FECHA Y HORA DE LA ÚLTIMA TRANSACCIÓN
campo de control 20230906164038.0
007 - CAMPO FIJO DE DESCRIPCIÓN FÍSICA--INFORMACIÓN GENERAL
campo de control de longitud fija t|
008 - DATOS DE LONGITUD FIJA--INFORMACIÓN GENERAL
campo de control de longitud fija 031029s1935 sp ||||1| spa d
100 1# - ENTRADA PRINCIPAL--NOMBRE DE PERSONA
Nombre de persona Ensor, R. C. K.
9 (RLIN) 47302
245 10 - MENCIÓN DEL TÍTULO
Título Jueces y tribunales en Inglaterra, Francia y Alemania /
Mención de responsabilidad, etc. R.C.K. Ensor ; traducción de Emilio Gómez Orbaneja.
260 ## - PUBLICACIÓN, DISTRIBUCIÓN, ETC.
Lugar de publicación, distribución, etc. Madrid :
Nombre del editor, distribuidor, etc. [s.n.],
Fecha de publicación, distribución, etc. 1935 (
Fabricante Galo Sèz)
300 ## - DESCRIPCIÓN FÍSICA
Extensión 174 p. ;
Dimensiones 20 cm.
700 1# - ENTRADA AGREGADA--NOMBRE PERSONAL
Nombre de persona Gómez Orbaneja, Emilio.
9 (RLIN) 58088
852 ## - LOCALIZACIÓN
Ubicación ES-MaACL
Número de control de estantería A-5325
Sublocalización o colección R.18320
Holdings
Estatus retirado Estado de pérdida Estado de daño No para préstamo Biblioteca de origen Biblioteca actual Ubicación en estantería Fecha de adquisición Fuente de adquisición Total de préstamos Signatura topográfica completa Código de barras Visto por última vez Precio de reemplazo Tipo de ítem Koha
        Biblioteca del Ateneo de Madrid Biblioteca del Ateneo de Madrid Sala Pecera Planta 1 17/01/2008     A-5325 1062418 23/02/2023 23/02/2023 Libro impreso